Educación y formación de las clases medias /

Guardado en:
Bibliografiske detaljer
Hovedforfatter: Goetschel, Ana María
Format: Texto
Tags: Tilføj Tag
Ingen Tags, Vær først til at tagge denne postø!

MARC

LEADER 00000 a a2200000 04500
001 47868
003
040
100 |a Goetschel, Ana María  
245 |a Educación y formación de las clases medias /  |c Ana María Goetschel  
773 |g número74, (2008), páginas 123-135  
999 |c 37684  |d 37684